00258nam a2200109Ia 4500008004100000082001900041100001800060245001600078250000900094260003700103300000800140150731s2014 xx 000 0 und d a615.53bA 14 S aSHARMA, NITIN aAGAD TANTRA a1 ST bCHAUKHAMBHA PUB. NEW DELHIc2014 a252